[Event "Panevezys op"]
[Site "Panevezys"]
[Date "2023.08.18"]
[Round "1"]
[White "Antuzis, Danielius"]
[Black "Maklakova, Nellija"]
[Result "0-1"]
[WhiteElo "1307"]
[BlackElo "1841"]
[PlyCount "46"]
[EventDate "2023.08.18"]
[EventType "swiss"]
[EventRounds "7"]
[EventCountry "LTU"]
[SourceTitle "EXT 2024"]
[Source "ChessBase"]
[SourceDate "2023.10.10"]
[SourceVersion "1"]
[SourceVersionDate "2023.10.10"]
[SourceQuality "1"]

1. e4 e6 2. d4 d5 3. exd5 exd5 4. Bd3 Bd6 5. Nf3 Nf6 6. Bg5 h6 7. Bh4 0-0 8. 0-0 Be6 9. Nbd2 Nbd7 10. c3 c5 11. dxc5 Nxc5 12. Nb3 Nxb3 13. Qxb3 g5 14. Bg3 Bxg3 15. hxg3 Ne4 16. Qxb7 Nc5 17. Qb5 Rc8 18. Bc2 Bd7 19. Qb4 Ne6 20. Ne5 Rb8 21. Qg4 Rxb2 22. Bf5 Bc8 23. Qh5 Ng7 0-1

[Event "Olympiad Women-44"]
[Site "Chennai"]
[Date "2022.08.06"]
[Round "8.4"]
[White "Maklakova, Nellija"]
[Black "Blokhin, Sofia"]
[Result "1/2-1/2"]
[WhiteElo "1819"]
[BlackElo "1996"]
[PlyCount "92"]
[EventDate "2022.07.29"]
[EventType "team-swiss"]
[EventRounds "11"]
[EventCountry "IND"]
[SourceTitle "CBM 210"]
[Source "ChessBase"]
[SourceDate "2022.10.31"]
[SourceVersion "1"]
[SourceVersionDate "2022.10.31"]
[SourceQuality "1"]
[WhiteTeam "Latvia (W)"]
[BlackTeam "Estonia (W)"]
[WhiteTeamCountry "LAT"]
[BlackTeamCountry "EST"]

1. Nf3 c5 2. g3 Nf6 3. Bg2 d5 4. c4 Nc6 5. cxd5 Nxd5 6. Nc3 Nc7 7. 0-0 e5 8. d3 Be7 9. Be3 0-0 10. Rc1 Be6 11. Ne4 b6 12. Qa4 Nd4 13. Bxd4 exd4 14. b4 f5 15. Ned2 Nd5 16. Qc6 Qc8 17. Nxd4 cxd4 18. Bxd5 Qxc6 19. Bxc6 Rac8 20. b5 Ba3 21. Rb1 Be7 22. a4 a5 23. Nf3 Bf6 24. h4 h6 25. Kg2 g5 26. hxg5 hxg5 27. Nd2 g4 28. Nc4 Bxc4 29. dxc4 Be7 30. Rbd1 Bc5 31. Rd3 Rcd8 32. Bd5+ Kg7 33. Rh1 Rde8 34. Rd2 Kg6 35. Bc6 Re7 36. Rh4 Kg5 37. Rh1 f4 38. gxf4+ Rxf4 39. Rh8 Ref7 40. f3 gxf3+ 41. exf3 Rg7 42. Kf1 Kf6 43. Rdh2 d3 44. Ke1 Bb4+ 45. Kf2 Bc5+ 46. Ke1 Ke5 1/2-1/2

[Event "Olympiad Women-44"]
[Site "Chennai"]
[Date "2022.08.01"]
[Round "4.3"]
[White "Mudodo, Refiloe Hazel"]
[Black "Maklakova, Nellija"]
[Result "1/2-1/2"]
[WhiteElo "1604"]
[BlackElo "1819"]
[PlyCount "117"]
[EventDate "2022.07.29"]
[EventType "team-swiss"]
[EventRounds "11"]
[EventCountry "IND"]
[SourceTitle "CBM 210"]
[Source "ChessBase"]
[SourceDate "2022.10.31"]
[SourceVersion "1"]
[SourceVersionDate "2022.10.31"]
[SourceQuality "1"]
[WhiteTeam "Zimbabwe (W)"]
[BlackTeam "Latvia (W)"]
[WhiteTeamCountry "ZIM"]
[BlackTeamCountry "LAT"]

1. e4 e6 2. d4 d5 3. Nd2 Nf6 4. e5 Nfd7 5. Bd3 c5 6. c3 Nc6 7. Ne2 g6 8. 0-0 Bg7 9. Nf3 0-0 10. Bg5 Qc7 11. Qd2 c4 12. Bc2 f6 13. exf6 Nxf6 14. Ng3 b5 15. a3 a5 16. Bh6 Ng4 17. Bxg7 Qxg7 18. h3 Nh6 19. Rfe1 Ra7 20. Ng5 Nd8 21. Nf1 Nhf7 22. Nh2 h6 23. Nxf7 Raxf7 24. Nf3 g5 25. Kh2 Nc6 26. Re2 Rf4 27. Ne5 Nxe5 28. dxe5 Qa7 29. f3 d4 30. cxd4 Rxd4 31. Qe3 Qd7 32. Ree1 Bb7 33. Rad1 Rd8 34. Rxd4 Qxd4 35. Qxd4 Rxd4 36. Rd1 Rxd1 37. Bxd1 b4 38. axb4 axb4 39. Kg3 Bd5 40. Bc2 Kg7 41. Kf2 h5 42. Ke3 h4 43. Kd4 Kf7 44. Be4 Ke7 45. Bc2 Kd7 46. Ba4+ Kc7 47. Bb5 c3 48. bxc3 bxc3 49. Kxc3 Kb6 50. Bc4 Kc5 51. Ba6 Ba2 52. Kd3 Kd5 53. Ke3 Kxe5 54. Bb5 Bb1 55. Bc4 Kf5 56. Bb5 Bc2 57. Bc4 Ba4 58. Bd3+ Ke5 59. Bc4 1/2-1/2

[Event "Panevezys op-B"]
[Site "Panevezys"]
[Date "2022.07.03"]
[Round "6"]
[White "Maklakova, Nellija"]
[Black "Milewski, Karol"]
[Result "0-1"]
[WhiteElo "1819"]
[BlackElo "1834"]
[PlyCount "138"]
[EventDate "2022.07.01"]
[EventType "swiss"]
[EventRounds "7"]
[EventCountry "LTU"]
[SourceTitle "EXT 2023"]
[Source "ChessBase"]
[SourceDate "2022.10.05"]
[SourceVersion "1"]
[SourceVersionDate "2022.10.05"]
[SourceQuality "1"]

1. c4 e6 2. d4 d5 3. Nf3 c5 4. Nc3 Nf6 5. cxd5 exd5 6. Bg5 Be6 7. Qb3 Qb6 8. Qxb6 axb6 9. Bxf6 gxf6 10. e3 c4 11. Be2 Nc6 12. 0-0 f5 13. Nb5 Ra5 14. a4 Be7 15. b3 cxb3 16. Rfb1 Kd7 17. Rxb3 Rc8 18. g3 f6 19. Kg2 Raa8 20. Nh4 Na5 21. Rbb1 Nc4 22. Bd3 Nd2 23. Rb2 Nc4 24. Rc2 Ra5 25. Nxf5 Bf8 26. Nh4 Rca8 27. Rca2 Nd6 28. Nc3 Rc8 29. Ne2 Rca8 30. Rb1 b5 31. Bxh7 bxa4 32. Ng6 b5 33. Nxf8+ Rxf8 34. Bd3 Rc8 35. Rb4 Rb8 36. h4 Kc6 37. Nf4 Bf7 38. g4 Rg8 39. Kg3 Ne4+ 40. Bxe4 dxe4 41. Ra3 Ra7 42. f3 exf3 43. Kxf3 Bc4 44. Nh5 Rf8 45. Kf4 Kb6 46. Rb1 Ka5 47. Rc3 Rc7 48. d5 b4 49. Rcc1 b3 50. Ng7 Rfc8 51. Ne6 Rb7 52. Nd4 Rb4 53. Nc6+ Rxc6 54. dxc6 Bd3+ 55. Kg3 Bc2 56. h5 Rc4 57. h6 Rxc6 58. Rxc2 Rxc2 59. e4 Kb4 60. e5 a3 61. exf6 a2 62. Rf1 b2 63. f7 Rc8 64. Rf4+ Kb5 65. f8Q Rxf8 66. Rxf8 a1Q 67. Rf5+ Kc6 68. h7 Qg1+ 69. Kf4 Qh2+ 0-1

[Event "Titled Tuesday intern op 02nd Nov"]
[Site "Chess.com INT"]
[Date "2021.11.02"]
[Round "2"]
[White "Luong, Phuong Hanh"]
[Black "Maklakova, Nellija"]
[Result "1-0"]
[WhiteElo "2229"]
[BlackElo "1804"]
[PlyCount "47"]
[EventDate "2021.11.02"]
[EventType "swiss (blitz)"]
[EventRounds "11"]
[EventCountry "USA"]
[SourceTitle "CBM 205 Extra"]
[Source "ChessBase"]
[SourceDate "2022.01.31"]
[SourceVersion "1"]
[SourceVersionDate "2022.01.31"]
[SourceQuality "1"]

1. d4 d5 2. c4 Nf6 3. Nf3 g6 4. cxd5 Nxd5 5. g3 Bg7 6. Bg2 c6 7. 0-0 0-0 8. Nc3 Bg4 9. e4 Nxc3 10. bxc3 Qd7 11. Be3 Bh3 12. Bxh3 Qxh3 13. Qb3 b6 14. Rfd1 Na6 15. Qc4 Nb8 16. Rab1 Qg4 17. Kg2 b5 18. Qd3 a6 19. a4 h5 20. e5 c5 21. h3 Qc8 22. axb5 c4 23. Qe4 Nd7 24. b6 1-0

[Event "Titled Tuesday intern op 26th Oct"]
[Site "Chess.com INT"]
[Date "2021.10.26"]
[Round "2"]
[White "Maklakova, Nellija"]
[Black "Legenia, Artem"]
[Result "0-1"]
[WhiteElo "1804"]
[BlackElo "2092"]
[PlyCount "56"]
[EventDate "2021.10.26"]
[EventType "swiss (blitz)"]
[EventRounds "11"]
[EventCountry "USA"]
[SourceTitle "CBM 204 Extra"]
[Source "ChessBase"]
[SourceDate "2021.11.30"]
[SourceVersion "1"]
[SourceVersionDate "2021.11.30"]
[SourceQuality "1"]

1. c4 g6 2. d4 Bg7 3. Nf3 Nf6 4. Nc3 d6 5. e4 Bg4 6. Be2 Nc6 7. 0-0 Bxf3 8. Bxf3 0-0 9. Bg5 e5 10. Ne2 h6 11. Bxf6 Bxf6 12. d5 Ne7 13. Rc1 b6 14. b4 Bg7 15. c5 f5 16. cxb6 axb6 17. Qc2 Ra7 18. exf5 gxf5 19. Rfd1 Ng6 20. Nc3 e4 21. Be2 Rf7 22. Nb5 Ra8 23. a4 Be5 24. f3 Qh4 25. g3 Bxg3 26. hxg3 Qxg3+ 27. Kf1 Nf4 28. Bc4 Rg7 0-1

[Event "Titled Tuesday intern op 26th Oct"]
[Site "Chess.com INT"]
[Date "2021.10.26"]
[Round "10"]
[White "Phillips, Rene"]
[Black "Maklakova, Nellija"]
[Result "0-1"]
[WhiteElo "1852"]
[BlackElo "1804"]
[PlyCount "42"]
[EventDate "2021.10.26"]
[EventType "swiss (blitz)"]
[EventRounds "11"]
[EventCountry "USA"]
[SourceTitle "CBM 204 Extra"]
[Source "ChessBase"]
[SourceDate "2021.11.30"]
[SourceVersion "1"]
[SourceVersionDate "2021.11.30"]
[SourceQuality "1"]

1. d4 g6 2. Bf4 Bg7 3. e3 Nf6 4. Nf3 0-0 5. Nbd2 c5 6. c3 cxd4 7. exd4 b6 8. Bd3 Bb7 9. Qe2 d6 10. h3 Nd5 11. Bh2 Nc6 12. 0-0 Qd7 13. Qe4 Nc7 14. Rfe1 Rae8 15. Qh4 e5 16. Rad1 f5 17. dxe5 Nxe5 18. Nxe5 dxe5 19. Bc4+ Kh8 20. Nf3 Qc6 21. Ng5 Qxg2# 0-1

[Event "Amazons Pride Blitz"]
[Site "Chess.com INT"]
[Date "2021.10.23"]
[Round "2"]
[White "Maklakova, Nellija"]
[Black "Kulon, Klaudia"]
[Result "0-1"]
[WhiteElo "1804"]
[BlackElo "2328"]
[PlyCount "44"]
[EventDate "2021.10.23"]
[EventType "swiss (blitz)"]
[EventRounds "9"]
[EventCountry "USA"]
[SourceTitle "CBM 204 Extra"]
[Source "ChessBase"]
[SourceDate "2021.11.30"]
[SourceVersion "1"]
[SourceVersionDate "2021.11.30"]
[SourceQuality "1"]

1. c4 Nf6 2. d4 g6 3. Nc3 Bg7 4. e4 d6 5. Nf3 0-0 6. Be2 e5 7. 0-0 exd4 8. Nxd4 Re8 9. f3 c6 10. Bg5 Qb6 11. Kh1 Nxe4 12. Nxe4 Qxd4 13. Nxd6 Rxe2 14. Nxc8 Qxd1 15. Raxd1 h6 16. Rd8+ Kh7 17. Bf4 Na6 18. Rfd1 Nc5 19. h4 Ne6 20. Bg3 Nxd8 21. Rxd8 Bf6 22. Rd6 Kg7 0-1